EL PENSAMIENTO IGNACIANO/

Salvato in:
Dettagli Bibliografici
Autore principale: Marchetti, Octavio (autor)
Natura: Libro
Serie:ESPIRITUALIDAD IGNACIANA; 6
Tags: Aggiungi Tag
Nessun Tag, puoi essere il primo ad aggiungerne!!

MARC

LEADER 00000nam^a2200000^a^4500
001 000207854
005 20250521000000.0
009 20260310103234.023
035 |a 004937 
037 |a Acervo Xavier Clavigero 
082 |a 274. 3  |b MAR 
100 |a Marchetti, Octavio  |e (autor) 
245 1 3 |a EL PENSAMIENTO IGNACIANO/  |c OTTAVIO MARCHETTI, S.J 
264 |a Bilbao, España :  |b El Mensajero del Corazón de Jesús,  |c 1965 
300 |a 358p. 
336 |a texto  |b txt  |2 rdacontenido 
337 |a sin mediación  |b n  |2 rdamedio 
338 |a volumen  |b nc  |2 rdasoporte 
440 |a ESPIRITUALIDAD IGNACIANA;  |v 6 
649 |a XX 
910 |a Fondo General 
920 |a Impresos - Libros 
930 |a Colección General 
905 |a 101 
901 |a 004937  |b IT1  |c ACC  |i 004937  |u 20250521 
901 |a 027868  |b IT1  |c ACC  |i 027868  |u 20250521 
901 |a 004941  |b IT1  |c ACC  |i 004941  |u 20250521 
902 |a https://opac.biblio.iteso.mx/vufind/Record/000207854